| 000 | 01804nam a2200301 i 4500 | ||
|---|---|---|---|
| 005 | 20250329165435.0 | ||
| 007 | ta | ||
| 008 | 190415s2022 000 0 eng d | ||
| 040 |
_aCO-CtgCURN _bspa _ccoctgcurn _erda |
||
| 082 | 0 |
_aENF 2022 _bN322 |
|
| 100 | 1 |
_aNavarro Jiménez, Clairet Paola, _eauthor. _4aut |
|
| 245 | 1 | 0 |
_aConocimientos y actitudes frente a métodos de planificación familiar en mujeres adolescentes de una fundación en Cartagena (Colombia) 2022 / _cClairet Paola Navarro Jiménez; Liceth María Marrugo Cerpa; Liceth Paola Velez Salgado; Laurens Alvarez Castillo; asesora Leisly Beleño Pinedo. |
| 260 |
_aCartagena de Indias : _bCorporación Universitaria Rafael Núñez, _c2022. |
||
| 300 | _a145 hojas. | ||
| 336 |
_atext _btxt _2rdacontent |
||
| 337 |
_aunmediated _bn _2rdamedia |
||
| 338 |
_avolume _bnc _2rdacarrier |
||
| 504 | _aTrabajo de grado (Enfermera). Corporación Universitaria Rafael Nuñez. Facultad de Ciencias de la Salud. Programa de Enfermería, 2022. | ||
| 520 | _a"Las decisiones de utilización de métodos de planificación familiar se encuentran ligadas a aquellas nociones que los adolescentes tienen sobre tales métodos (conocimientos), así como a su predisposición para valorarlos, pensarlos y apreciarlos (actitudes)." | ||
| 650 | 0 |
_aEnfermería _vTesis y disertaciones academicas. |
|
| 700 | 1 | _aMarrugo Cerpa, Liceth María. | |
| 700 | 1 | _aVelez Salgado, Liceth Paola. | |
| 700 | 1 | _aAlvarez Castillo, Laurens. | |
| 700 | 1 |
_aBeleño Pinedo, Leisly Sofía, _edirectora. |
|
| 856 |
_uhttps://unicurn.sharepoint.com/:b:/s/biblioteca/EddmAF1vsglOuOAGbmxOaFUBpGTF7D3ZUWkX3qJ86r29jA?e=mehOPV _zDe click para ver el texto completo |
||
| 942 |
_2ddc _cTG _hENF 2022 _iN322 |
||
| 999 |
_c4096 _d4096 |
||